| 000 | 00806nam a2200205 i 4500 | ||
|---|---|---|---|
| 001 | 25291 | ||
| 003 | ES-MaACL | ||
| 005 | 20250724063404.0 | ||
| 007 | t| | ||
| 008 | 021223s1912 sp ||||1| spa d | ||
| 100 | 1 |
_aFigueroa, Juan Armada y Losada, _cMarqués de, _d1861-1932 _950781 |
|
| 245 | 1 | 0 |
_aDe la educación moral _b: discurso de recepción en la R. Acad. de Ciencias Morales y Políticas / _cJuan Armada y Losada ; constestación de Javier Ugarte y Pagés. |
| 260 |
_aMadrid : _b[s.n., _c1912] |
||
| 490 | 1 |
_aDiscursos de recepción ; _v10 |
|
| 700 | 1 |
_aUgarte y Pagés, Javier. _9111900 |
|
| 710 | 2 |
_aReal Academia de Ciencias Morales y Políticas (España) _9222050 |
|
| 830 | 0 |
_aDiscursos de recepción ; _v10 _9229134 |
|
| 852 |
_aES-MaACL _j50-D-12 |
||
| 999 |
_c25291 _d25291 |
||